00619nam a22001697a 4500003000900000005001700009008004100026040002800067082002000095100004000115245010400155260005700259300002700316504005200343650001400395700004000409DO-CoUTE20260414152954.0260414b dr ||||| |||| 00| 0 spa d aDO-CoUTEbspacDO-CoUTE aRD 860.42H5190C1 aHenríquez Ureña, pedro eAutor 10aEscrito politicos, sociológicos y filosóficos :bObras completas / cPedro Henríquez Ureña  aRepublica Dominicana : bEditorial nacional ; c2004 a478 Paginas : c23cm,  aIncluye referencia bibliográfica e índice.  4aescritos 1 a Pedro Henríquez Ureña eautor